Dekarbonizace ekonomiky, i když bude stát "majlant", má smysl
V roku 2025 už nie je dekarbonizácia v Európe vnímaná len ako politický záväzok, ale hlavne ako nástroj pre udržanie konkurencieschopnosti v meniacom sa globálnom hospodárstve. Trh sa rýchlo adaptuje na nízkouhlíkové riešenia a firmy, ktoré nereagujú, riskujú stratu odbytísk, investícií a reputácie....
Gespeichert in:
| 1. Verfasser: | |
|---|---|
| Format: | Buchkapitel |
| Sprache: | Tschechisch |
| Schlagworte: | |
| Tags: |
Keine Tags, Fügen Sie das erste Tag hinzu!
|
MARC
| LEADER | 00000naa a2200000 4500 | ||
|---|---|---|---|
| 001 | 0313103 | ||
| 005 | 20251107101851.2 | ||
| 041 | 0 | |a cze | |
| 044 | |a CZ | ||
| 245 | 1 | 0 | |a Dekarbonizace ekonomiky, i když bude stát "majlant", má smysl |c Pavel Daniel |
| 520 | |a V roku 2025 už nie je dekarbonizácia v Európe vnímaná len ako politický záväzok, ale hlavne ako nástroj pre udržanie konkurencieschopnosti v meniacom sa globálnom hospodárstve. Trh sa rýchlo adaptuje na nízkouhlíkové riešenia a firmy, ktoré nereagujú, riskujú stratu odbytísk, investícií a reputácie. A aj keď sa práve v ČR dekarbonizácii nielen u časti verejnosti, ale aj u veľkej skupiny politických reprezentantov krajiny príliš nefandí, štát s finančnou podporou projektov dekarbonizácie a modernizácie ekonomiky nezaháľa. | ||
| 610 | 2 | 0 | |a dekarbonizácia |
| 610 | 2 | 0 | |a ekonomika |
| 610 | 2 | 0 | |a konkurencieschopnosť |
| 610 | 2 | 0 | |a ochrana prostredia životného |
| 610 | 2 | 0 | |a energetika |
| 100 | 1 | |a Daniel, Pavel | |